Zgadnij wycięte słowo ze słynnych wypowiedzi Janusza Korwin-Mikkego - Statystyki

Ogólne statystyki
  • Ten quiz został rozwiązany 62 razy
  • Średni wynik to 11 z 20
Statystyki odpowiedzi
Wypowiedź Brakujące słowo % Poprawnych
"Nie ma takiego dowodu, powtarzam jeszcze raz. Jest nagroda pół miliona funtów dla człowieka, który wskaże cień dowodu, że Adolf Hitler wiedział o ___________. Po prostu nie wiedział" holokauście
89%
"Wie pani dlaczego koszule męskie są zapinane na prawą stronę? Bo większość ________ jest praworęcznych." mężczyzn
87%
"Czy, czy pani na prawdę jest chora ___________?!" psychicznie
83%
"[...], a poza tym sądzę, że ____ __________ musi być zniszczona." Unia Europejska
83%
"[…], bo widzi pan. Celem życia nie jest ________" przeżycie
67%
"Nie, to jest tak śmieszne, nie. Dwa miliony _____" gejów
65%
"[...], pan po prostu ______." kłamie
65%
"[...], a pan chce tylko żyć, to niech pan sobie ___ i żyje dalej" żre
65%
"Jak powiedział wybitny krakowianin, Stanisław Lem: Na dnie oceanu w Rowie Mariańskim są ________" rurkowce
63%
"Mnie uczono, kto nie ryzykuje ten nie __. A was się uczy: przezorny zawsze ubezpieczony. ___" je
61%
"A pan jest mnichem, że nosi pan ______?" kaptur
57%
"Ein Reich, ein Volk, ein ______" Ticket
57%
"Otóż dwóch _______ nie może mieć dzieci, dlatego nie mogą mieć żadnych przywilejów. No o czym my mówimy?" homosiów
48%
tyrania
41%
"Szanowny panie, po pierwsze pan mnie obraża posądzeniem, że ja mógłbym być _________, ja wyglądam chyba normlanie a nie na _________." demokratą
39%
tfu
33%
"Mam zwolnienie lekarskie. Cierpię na __________________, [...], czyli choroba polegająca na tym, że nie lubię się palić żywcem w samochodzie." autopyroflamofobię
30%
demokratę
30%
"Ja nie jestem demokratą, demokracji nienawidzę, demokracją ________, [...]. Demokracja to _______ większości [...]" pogardzam
28%
"[...], no niech pan nie _____, na prawdę, no." kręci
26%
Nie znaleziono quizów pasujących do podanych kryteriów
Rozkład punktacji
Procent ludzi z każdym wynikiem
Percentyl według liczby udzielonych odpowiedzi
Twoja historia wyników
Nie rozwiązałeś tego quizu